MDQL
is popping MORE tags! Check the
thread
!
Quizzes
Events
Quiz Creation
Community
Videos
Private Events
Remove Ads
Sign In
Join for FREE
Feedback
Dark Mode
Quiz Categories
Sports
Geography
Music
Movies
Television
Just For Fun
Miscellaneous
History
Literature
Language
Science
Gaming
Entertainment
Religion
Holiday
For Kids
Quiz Lab
Recent
Popular Today
Quiz Kudos Today
Editor Picks
Curator Picks
Quizzes by...
Day
Popularity
Type
Ratings
Length
Year
Community
Subscriptions
Recent Discussions
Orange Saloon
Badges
Playlists
Quests
Create
Leaderboards
Showdown
Live 5
Trivia Bingo
Activity
Puzzle Library
Sporcle Events
Private Events
Virtual Trivia
Globe League
Become a Host
Pub Owners
SporcleCon
Opinionation
Our Games
Videos
Blog
Mobile Apps
Partnerships
Remove Ads and Go Orange
Feedback
Language
Vocabulary
Begins and Ends
Definition
Spanish
French
German
Italian
Chinese
Latin
Translation
Japanese
Language
Vocabulary
Begins and Ends
Definition
Spanish
French
German
Italian
Chinese
Latin
Translation
Japanese
Random Quiz
Search Sporcle
×
Quiz Lab
Quiz Lab
Language
Vocabulary
Type in answers that appear in a list
Type in answers that appear in a list
Classic
Best Score? Go Orange.
Common Russian Nouns (3/10) Stats
Can you name the Russian nouns?
By
Duke_of_Prunes
7m
50 Questions
248 Plays
248 Plays
248 Plays
Comments
Comments
Give Quiz Kudos
Give Quiz Kudos
-
- Ratings
hide this ad
Forced Order
Answers have to be entered in order
Answers have to be entered in order
Random Order
Randomize order of answers
Randomize order of answers
Replay
Link that replays current quiz
Next Quiz
Link to next quiz in quiz playlist
You Got
0%
They Got
Avg Score
70%
Avg Friend Score
Upgrade to see
Score Distribution
Jump to the score distribution portion of the page
Score
0/50
Timer
07:00
0
Plays Today
Russian
English
% Correct
момент
moment
94.8%
форма
form
94.4%
группа
group
93.5%
армия
army
93.1%
капитан
captain
92.7%
газета
newspaper
92.7%
генерал
general
92.3%
собака
dog
91.5%
снег
snow
89.9%
чёрный
black
89.9%
дядя
uncle
89.9%
муж
husband
87.9%
мужчина
man
86.7%
солнце
sun
85.9%
нос
nose
85.9%
семья
family
85.1%
гость
guest
83.1%
зуб
tooth
82.3%
немец
German
79.8%
писатель
writer
79.8%
ухо
ear
79%
помощь
help
78.6%
ветер
wind
78.2%
ответ
answer
77.8%
неделя
week
76.2%
Russian
English
% Correct
берег
bank
74.2%
шаг
step
71%
ребята
children
69.8%
труд
labour
69.8%
дерево
tree
68.1%
угол
corner
66.1%
век
century
65.7%
сон
dream
62.5%
возможность
possibility
60.9%
карман
pocket
60.5%
губа
lip
60.1%
закон
law
59.7%
камень
stone
58.1%
чувство
feeling
56.5%
огонь
fire
56.5%
внимание
attention
55.6%
грудь
breast
54.8%
общество
society
47.6%
двор
yard
46.4%
движение
movement
41.1%
смысл
sense
39.1%
порядок
order
38.7%
очередь
line
37.5%
состояние
state
31.9%
рота
company
27.4%
Quiz Playlist
Details
Report
Send in Message
Add To Playlist
Classic:
Type in answers that appear in a list
Forced Order:
Answers have to be entered in order
Random Order:
Randomize order of answers
Quiz Source
Last Updated: Feb 16, 2017
Quiz Scoreboard
CHALLENGE
Sign Up to Join the Scoreboard
Show All
Scores
Hide
Comments
May contain spoilers
Recently Published
Colored Red Africa Blitz
by spor1
Geography
30s
Find the 'City' Movie
by crazypaving
Movies
60s
5x2 Blitz: Bands
by SL_Kpop136
Music
30s
More to Explore
Quiz From the Vault
Featured Blog Post
14 Easter Pick-up Lines to Find Eggs With
hide this ad
You Might Also Like...
Tags
Vocabulary Quiz
100
100 Most
common
English
noun
Russia
Today's Top Quizzes in Language
Browse Language
hide this ad
Today's Top Quizzes in Vocabulary
Browse Vocabulary
Top Contributed Quizzes in Language
1
Arabic Numerals
2
1-10 Letter F Words III
3
1-10 Letter G Words III
4
1-10 Letter H Words III
5
1-10 Letter I Words III
6
What Word Starts All?
7
1-10 Letter J Words III
8
1-10 Letter K Words III
9
1-10 Letter L Words III
10
1-10 Letter M Words III
Explore More
Trending Topics
NBA
Kpop
Anime
Harry Potter
Disney
Crossword
Marvel
The Office
Pokémon
Puzzle
Country
WWE
Song
NFL
Soccer
hide this ad
More By:
Duke_of_Prunes
Quiz
Plays
Rating
Category
Featured
Created
Cyrillic Alphabet Practice
1,629
5.00
Language
Apr 6, 2012
Common Russian Nouns (1/10)
460
5.00
Language
Sep 4, 2011
Common Russian Nouns (2/10)
293
5.00
Language
Sep 4, 2011
Common Russian Nouns (3/10)
248
5.00
Language
Jan 23, 2011
Common Russian Nouns (4/10)
169
Language
Sep 5, 2011
Go to Creator's Profile
Score Distribution
Quiz Creator Spotlight
Duke_of_Prunes
Follow
Send a Message
Quizzes Created
-
Created Quiz Play Count
-
More By This Creator
Popular Quizzes Today
1
Colored Red Africa Blitz
2
Find the 'City' Movie
3
5x2 Blitz: Bands
4
Find the US States - No Outlines Minefield
5
The Countries of the World
6
Find the US States
7
US States
8
Find the Countries of Europe - No Outlines Minefield
More Language Quizzes
Homophone Map II
Published
Trending Quizzes
Colored Red Europe Blitz I
Colored Red Africa Blitz II
Colored Red Europe Blitz II
Colored Red Africa Blitz III
Colored Red Europe Blitz III
Recently Updated
How Do You Spell That?
pecheneg
Godzilla Movies
pecheneg
Grab Bag: 4-10 Letters
pecheneg
2024 March Madness Bracket
pecheneg
Famous TV Couples
Peacemaker
Champions League XIs: Real Madrid
pecheneg
Largest US Cities 1790-2010
pecheneg
Rides in Walt Disney World
pecheneg
Most Oscar Losses (Acting)
pecheneg
Beyoncé Albums
pecheneg
Trending Topics
Disney
NBA
Harry Potter
Anime
Kpop
Crossword
Marvel
The Office
NFL
Puzzle
Song
Pokémon
Soccer
WWE
Country
Your Account Isn't Verified!
In order to create a playlist on Sporcle, you need to verify the email address you used during registration. Go to your
Sporcle Settings
to finish the process.
Report this User
Report this user for behavior that violates our
Community Guidelines
.
Details:
Send Report
Go to the Sporcle.com Mobile Site →
Comments